000 01109nam a2200241Ia 4500
003 Ost
005 20260507075025.0
008 260507s9999||||xx |||||||||||||| ||und||
020 _a9957073036
040 _cfsecg
041 _aara
082 _a330
100 _aأبو حمد، رضا صاحب
_eمؤلف
245 0 _aإدارة المصارف :
_bمدخل تحليلي كمي معاصر /
_c رضا صاحب أبو حمد
260 _aعمان:
_bدار الفكر,
_c2002
300 _a311 صفحة؛
_bإيضاحات ؛
_c24 سم
520 _aالمصارف التجارية طبيعتها وأهميتها وأنواعها- البنوك المركزية- الميزانية العمومية للمصرف التجاري- إدارة رأس المال الممتلك- إدارة الودائع- إدارة السيولة- إدارة القروض المصرفية- إدارة الإستثمار المصرفي- الإدارة ربحية المصرف
653 _aالادارة
653 _aالاستثمار
653 _aالبنوك
653 _aالميزانية
942 _cكتاب
999 _c42325
_d42325